000 00418nam a2200181Ia 4500
001 17998
005 20260306171558.0
008 260306s9999||||xx |||||||||||||| ||und||
041 _aESP
082 _a658.31
_bP41
100 _aPenim, Ana Teresa,
_eAUT
245 0 _a55 Herramientas de coaching
260 _c2018
300 _a318 páginas :
_c
650 _aGEN
654 _aCAN
942 _cLIB
_dJUS
_fJUS
_2ddc
_n
999 _c17998
_d17998